| 000 | 00445nam a2200169Ia 4500 | ||
|---|---|---|---|
| 003 | LDD | ||
| 008 | 190117s9999 xx 000 0 und d | ||
| 020 | _c₹55 | ||
| 040 | _cLDD | ||
| 041 | _ahi | ||
| 082 | _a8H3.709 रे 3924 | ||
| 100 | _aविजय | ||
| 245 | 0 |
_aरेणु क् रचना संसार _cविजय |
|
| 260 |
_aदिल्ली _bविभूति _c1985 |
||
| 300 | _a149प्र. | ||
| 942 |
_2ddc _cH |
||
| 999 |
_c169999 _d169999 |
||